Vista normal Vista MARC

Entrada Geographic Name

Número de registros utilizados en: 1

001 - CONTROL NUMBER

  • control field: 43931

003 - CONTROL NUMBER IDENTIFIER

  • control field: OSt

005 - DATE AND TIME OF LATEST TRANSACTION

  • control field: 20241120110257.0

008 - FIXED-LENGTH DATA ELEMENTS

  • fixed length control field: 241120|| aca||aabn | a|a d

040 ## - CATALOGING SOURCE

  • Original cataloging agency: OSt
  • Transcribing agency: OSt

151 ## - HEADING--GEOGRAPHIC NAME

  • Geographic name: Colombia
  • General subdivision: Historia
  • Chronological subdivision: Período de la violencia, 1947-1957
  • Form subdivision: Novela

670 ## - SOURCE DATA FOUND

  • Source citation: Work cat.: (OSt)38561: Rincon Parra, Yormary 1964- autor 43925, Música para un bolero:









Instituto Departamental de Cultura del Meta - Red Departamental de Bibliotecas Públicas del Meta.